000 01004cam a2200277 4500
008 090401t1997 xxu||||| |||| 00| 0 eng d
020 _a1851842578
035 _a(Sirsi) u79937
041 _aeng
050 _a384
100 _aHuws, Ursula
245 _aTeleworking: guidelines for good practice.
260 _aBrighton
_bInstitute for Employment Studies
_c1997
300 _aviii,37p. ; 22cm.
350 _a20
490 _aInstitute for Employment Studies Report
_v329
520 _aBased on analysis of working practices throughout Europe, this study provides guidelines based on existing good practice for all aspects of teleworking.Includes chapters on multi-site teleworking, tele-homeworking, freelance teleworking and mobile teleworking.
650 _aEUROPE
650 _aFLEXIBLE WORKING
650 _aTELEWORKING
650 _aWORKING PRACTICES
690 _aECONOMIC AND SOCIAL
710 _aInstitute for Employment Studies
_92639
942 _n0
948 _c28/07/1997
999 _c96575
_d96575